Statistiken für Europäischen Ländern von Ersten 2 Buchstaben

Klicken Sie hier um das Quiz zu spielen!

Allgemein

  • Dieses Quiz wurde 5.000 mal gespielt
  • Das Durchschnittsergebnis liegt bei 32 aus 45

Antworten auf der Karte

Die Antworten werden auf der Karte rot bzw. grün angezeigt, abhängig davon wie oft sie richtig erraten wurden.
 

Antwortstatistiken

Land% Korrekt
Deutschland
97%
Schweden
96%
Schweiz
96%
Polen
95%
Portugal
95%
Frankreich
93%
Spanien
93%
Norwegen
90%
Irland
89%
Italien
88%
Rumänien
86%
Russland
86%
Belgien
85%
Finnland
85%
Island
84%
Liechtenstein
83%
Litauen
83%
Niederlande
80%
Griechenland
76%
Vereinigtes Königreich
76%
Dänemark
73%
Lettland
73%
Estland
72%
Moldawien
72%
Monaco
72%
Montenegro
72%
Ukraine
72%
Österreich
68%
Luxemburg
62%
Tschechien
62%
Nordmazedonien
60%
Andorra
59%
Slowakei
59%
Slowenien
59%
Weißrussland
57%
Malta
56%
San Marino
56%
Kroatien
53%
Serbien
53%
Ungarn
53%
Vatikanstadt
53%
Bulgarien
50%
Albanien
47%
Bosnien und
Herzegowina
43%
Kosovo
37%

Verteilung der Resultate

Perzentil nach korrekt beantworteten Fragen

Anzahl Personen mit jedem Resultat

Ihre Resultats-Entwicklung

Sie haben dieses Quiz noch nicht gespielt